00823nam a22002537a 45000010005000000030006000050050017000110080041000280200018000690400029000870500014001160820010001301000018001402450086001582600037002443000060002814900035003415050008003765200090003845210020004745210020004946500025005147000030005393108FISKH20240207090141.0240206b cb ||||| |||| 00| 0 eng d a9780545700818 aFISKHbengcFISKHdFISKH aQL677.S55 a598.9 aSill, Cathryn aAbout raptors a guide for children cby Sill, Cathryn, illustrated by Sill, John  aNew York : bScholastic , c2010 a43 unnumbered pages : bcolor illustrations ;c23 cm .  a About... A Guide For Children aJ  aExplains what raptors look like, where they live, what they eat and what a raptor is.8 a470 bLexile 8 aJ bRaz-Plus  araptorsvnon-fiction aSill, John eillustrator